| 000 | 00695nam a22001817a 4500 | ||
|---|---|---|---|
| 003 | AUA.1 | ||
| 005 | 20251015100214.0 | ||
| 008 | 250702b |||||||| |||| 00| 0 eng d | ||
| 040 | _cJTL | ||
| 100 | _aMacharia, Geoffrey Waweru | ||
| 245 |
_aRaising awareness about emotional intelligence and its impact on Seventh-day Adventist school chaplaincy ministry services in the Central Kenya Conference/ _cGeoffrey Waweru Macharia. |
||
| 260 | _cc2024. | ||
| 300 |
_aix,104 leaves : _bIllustration : _c30cm. |
||
| 610 | _aCentral Kenya Conference | ||
| 650 | _aEmotional intelligence | ||
| 650 |
_aSeventh-day Adventist Schools _xChaplains |
||
| 942 |
_2aua _cPROJECT _hMchap _i.M33 2024 |
||
| 999 |
_c25139 _d25139 |
||